000 00697nam a22002057a 4500
005 20130701155915.0
010 _aUR-8475
020 _a9789380182209
_c150.00
035 _aU-7030
037 _bDBAD/PUB
082 _a841
100 _aگپتا ر ا م ا و تا ر مضطر
245 _aسفير آخر شب
_cر ا م ا و تا ر گپتا
246 _aSafeer-e- Akhir -e- Shab
_bbyRam Avtar Gupta Muztar
260 _aDelhi
_bTakhleeqkar Publishers
_c2010
270 _a104/B-Yawar Manzil.I Block ,Laxmi Nagar.
_b Delhi
_e110092
_k011-22442572,9811612373
300 _a160p.
_b22cm.
700 _dEdited by Chanchal Singh Cheema
942 _2ddc
_cUR
_h841
_mگ پ ت
999 _c76783
_d76783